[Event "76. LJUBLJANSKA SAHOVSKA LIGA 2024"]
[Site "gostovanja"]
[Date "2024.04.18"]
[Round "9.1"]
[White "Plaskan, Jure"]
[Black "Jelen, Igor"]
[Result "0-1"]
[WhiteElo "2262"]
[BlackElo "2304"]
[PlyCount "104"]
[EventDate "2024.01.18"]
[WhiteTeam "SD DOMZALE"]
[BlackTeam "SK IG"]

1. e4 c5 2. Nf3 Nc6 3. d4 cxd4 4. Nxd4 Nf6 5. Nc3 e5 6. Ndb5 d6 7. Bg5 a6 8.
Na3 b5 9. Nd5 Be7 10. Bxf6 Bxf6 11. c4 b4 12. Nc2 a5 13. Qf3 Be6 14. Rd1 Bxd5
15. Rxd5 Ne7 16. Rb5 Bg5 17. Be2 O-O 18. O-O Bh6 19. Rd1 Qc7 20. Qd3 Rfd8 21.
a3 bxa3 22. Qxa3 g6 23. Qh3 Kg7 24. Qc3 Kg8 25. Ra1 Nc6 26. c5 Bf8 27. cxd6
Bxd6 28. Bc4 Nd4 29. Nxd4 exd4 30. Qd3 Bxh2+ 31. Kh1 Be5 32. g3 Rdb8 33. Bd5
Rxb5 34. Qxb5 Rb8 35. Qe2 d3 36. Qxd3 Rxb2 37. Ra2 Qc1+ 38. Kg2 Rb1 39. Kf3
Qh1+ 40. Ke3 Rd1 41. Qb5 Bd4+ 42. Kf4 Qh6+ 43. Kf3 Qh5+ 44. g4 Qh3+ 45. Kf4 g5+
46. Kxg5 Kg7 47. Qc6 h6+ 48. Kf4 Qh2+ 49. Kf3 Rd3+ 50. Ke2 Re3+ 51. Kd1 Qg1+
52. Kc2 Qxf2+ 0-1

[Event "76. LJUBLJANSKA SAHOVSKA LIGA 2024"]
[Site "gostovanja"]
[Date "2024.04.18"]
[Round "9.1"]
[White "Hiti, Domen"]
[Black "Debevec, Blaz"]
[Result "1-0"]
[WhiteElo "2241"]
[BlackElo "2077"]
[PlyCount "101"]
[EventDate "2024.01.18"]
[WhiteTeam "SK IG"]
[BlackTeam "SD DOMZALE"]

1. d4 d5 2. c4 c6 3. Nf3 Nf6 4. Qc2 g6 5. Bf4 Bf5 6. Qb3 Qb6 7. e3 Nbd7 8. Nc3
Bg7 9. h3 O-O 10. Nd2 dxc4 11. Bxc4 c5 12. d5 Qxb3 13. axb3 Nb6 14. e4 Bd7 15.
Be3 Rfc8 16. e5 Ne8 17. f4 e6 18. Nde4 exd5 19. Nxd5 Nxd5 20. Bxd5 Bc6 21. Bxc6
Rxc6 22. Nxc5 f6 23. Nd3 Rd8 24. Rd1 fxe5 25. fxe5 Re6 26. O-O Bxe5 27. Nxe5
Rxd1 28. Rxd1 Rxe5 29. Bxa7 Rb5 30. Rd8 Kf7 31. Rd7+ Ke6 32. Rxh7 Rxb3 33. Bd4
Rd3 34. Bc3 b5 35. Rb7 Nd6 36. Rg7 Kf5 37. Rd7 Ke4 38. Re7+ Kf5 39. Re5+ Kf4
40. Rc5 Ne4 41. Be5+ Ke3 42. Rxb5 Rd1+ 43. Kh2 Nd2 44. h4 Nf1+ 45. Kh3 Rd3 46.
Kg4 Kf2 47. Kg5 Kxg2 48. Kxg6 Ne3 49. h5 Ng4 50. h6 Re3 51. h7 1-0

[Event "76. LJUBLJANSKA SAHOVSKA LIGA 2024"]
[Site "gostovanja"]
[Date "2024.04.18"]
[Round "9.1"]
[White "Pliete, Christian"]
[Black "Rozic, Adrijan"]
[Result "1/2-1/2"]
[WhiteElo "1000"]
[BlackElo "2014"]
[PlyCount "58"]
[EventDate "2024.01.18"]
[WhiteTeam "SD DOMZALE"]
[BlackTeam "SK IG"]

1. e4 e6 2. Nf3 d5 3. e5 c5 4. b4 b6 5. b5 Nd7 6. c3 c4 7. d4 cxd3 8. Bxd3 Bb7
9. O-O Qc7 10. Re1 Ne7 11. Bf4 Ng6 12. Bg3 Nc5 13. Bc2 Be7 14. Re3 Rd8 15. h4
Ne4 16. h5 Bc5 17. Nd4 Ne7 18. Nd2 Nf5 19. Nxf5 exf5 20. Rf3 Nxg3 21. Rxg3 Qxe5
22. Re3 O-O 23. Nf3 Qf4 24. Nd4 g6 25. Rf3 Qh4 26. hxg6 hxg6 27. Bxf5 Bxd4 28.
Qxd4 Bc8 29. Bxc8 Rxc8 1/2-1/2

[Event "76. LJUBLJANSKA SAHOVSKA LIGA 2024"]
[Site "gostovanja"]
[Date "2024.04.18"]
[Round "9.1"]
[White "Cop, Jaka"]
[Black "Skube, Zan"]
[Result "1/2-1/2"]
[WhiteElo "1893"]
[BlackElo "1000"]
[PlyCount "37"]
[EventDate "2024.01.18"]
[WhiteTeam "SK IG"]
[BlackTeam "SD DOMZALE"]

1. e4 c6 2. e5 d5 3. exd6 exd6 4. d4 d5 5. Bd3 Nf6 6. h3 Bd6 7. Ne2 Qc7 8. O-O
O-O 9. c4 dxc4 10. Bxc4 Bf5 11. Nbc3 Nbd7 12. Bg5 h6 13. Bh4 Nb6 14. Bb3 Nbd5
15. Nxd5 Nxd5 16. Bxd5 cxd5 17. Bg3 Bxg3 18. Nxg3 Qd7 19. Qb3 1/2-1/2

[Event "76. LJUBLJANSKA SAHOVSKA LIGA 2024"]
[Site "gostovanja"]
[Date "2024.04.18"]
[Round "9.2"]
[White "Veskovic, Dzemal"]
[Black "Olenik Campa, Rudi"]
[Result "0-1"]
[WhiteElo "1811"]
[BlackElo "2299"]
[PlyCount "80"]
[EventDate "2024.01.18"]
[WhiteTeam "SD MENGES - TRZIN"]
[BlackTeam "SK LJUBLJANA TAJFUN"]

1. e4 c5 2. Nc3 Nc6 3. Nf3 e5 4. Bc4 d6 5. h3 h6 6. a3 g6 7. d3 Bg7 8. Bd2 Nge7
9. Nd5 O-O 10. c3 Nxd5 11. Bxd5 Ne7 12. c4 Nxd5 13. cxd5 f5 14. Qc1 Kh7 15. h4
fxe4 16. dxe4 Bg4 17. Qc3 b5 18. Qd3 c4 19. Qe2 Kg8 20. Rc1 a5 21. Qe3 Qb8 22.
Nh2 Bd7 23. Qg3 Kh7 24. Ng4 Qc8 25. Ne3 Rf4 26. h5 g5 27. f3 Rf8 28. b3 Qa6 29.
bxc4 bxc4 30. Rxc4 Rac8 31. Rxc8 Rxc8 32. Qf2 Qd3 33. Qe2 Qxa3 34. O-O Qb2 35.
Qd1 a4 36. Bc1 Qd4 37. Kh2 a3 38. Qxd4 exd4 39. Ng4 Be5+ 40. f4 Bxf4+ {nejasno
(49)} 0-1

[Event "76. LJUBLJANSKA SAHOVSKA LIGA 2024"]
[Site "gostovanja"]
[Date "2024.04.18"]
[Round "9.2"]
[White "Marinko, Peter"]
[Black "Sedlar, Tomo"]
[Result "1-0"]
[WhiteElo "2050"]
[BlackElo "1786"]
[PlyCount "73"]
[EventDate "2024.01.18"]
[WhiteTeam "SK LJUBLJANA TAJFUN"]
[BlackTeam "SD MENGES - TRZIN"]

1. d4 d5 2. Nc3 Nf6 3. Bg5 Bf5 4. f3 Nbd7 5. e3 c6 6. Bd3 Bxd3 7. Qxd3 Qb6 8.
O-O-O e6 9. e4 h6 10. Bh4 g5 11. Bf2 Bb4 12. Nge2 O-O-O 13. Kb1 Kb8 14. h4 Rdg8
15. e5 Ne8 16. hxg5 Rxg5 17. g4 Nc7 18. Be3 Rg6 19. g5 h5 20. Ng3 h4 21. Rh3 c5
22. dxc5 Bxc5 23. Na4 Qb4 24. Nxc5 Nxc5 25. Bxc5 Qxc5 26. f4 Qf2 27. Ne4 Qxf4
28. Nd6 Rxg5 29. Rf3 Qxe5 30. Nxf7 Qg7 31. Nxh8 Qxh8 32. Qc3 Qd8 33. Rdf1 Rg8
34. Qb4 Na6 35. Qa3 Rg3 36. Rxg3 hxg3 37. Rf8 1-0

[Event "76. LJUBLJANSKA SAHOVSKA LIGA 2024"]
[Site "gostovanja"]
[Date "2024.04.18"]
[Round "9.2"]
[White "Simicak, Metod"]
[Black "Persl, Bojan"]
[Result "0-1"]
[WhiteElo "1746"]
[BlackElo "2030"]
[PlyCount "104"]
[EventDate "2024.01.18"]
[WhiteTeam "SD MENGES - TRZIN"]
[BlackTeam "SK LJUBLJANA TAJFUN"]

1. e4 c5 2. Nc3 e6 3. Nf3 a6 4. d4 cxd4 5. Nxd4 Qc7 6. Qf3 Nf6 7. Bd3 d6 8. h3
Nc6 9. Nxc6 Qxc6 10. O-O b5 11. a4 b4 12. Ne2 Be7 13. Nd4 Qc7 14. Bd2 Rb8 15.
Rfe1 O-O 16. Qe2 Qb7 17. b3 Nd7 18. Bxa6 Qxa6 19. Qxa6 Bxa6 20. Nc6 Bf6 21.
Nxb8 Rxb8 22. Rad1 Nc5 23. f4 Be7 24. Kf2 g6 25. g3 f5 26. exf5 gxf5 27. Re3
Ne4+ 28. Kg2 Kf7 29. g4 d5 30. Kf3 Rc8 31. gxf5 exf5 32. Bxb4 Bxb4 33. Rxd5 Ke6
34. c4 Bc5 35. Red3 Bb7 36. Re5+ Kf6 37. Ke2 Bc6 38. a5 Ra8 39. Rxc5 Nxc5 40.
Rd6+ Ke7 41. Rxc6 Nxb3 42. Rc7+ Kd6 43. Rxh7 Rxa5 44. Kd3 Ra3 45. Rh6+ Kc5 46.
Rh8 Nd4+ 47. Kd2 Kxc4 48. h4 Ra2+ 49. Ke1 Kd3 50. h5 Nf3+ 51. Kf1 Ke3 52. h6
Rf2# 0-1

[Event "76. LJUBLJANSKA SAHOVSKA LIGA 2024"]
[Site "gostovanja"]
[Date "2024.04.18"]
[Round "9.2"]
[White "Borstar, Dusan"]
[Black "Saradjen, Darja"]
[Result "1-0"]
[WhiteElo "1691"]
[BlackElo "1610"]
[PlyCount "83"]
[EventDate "2024.01.18"]
[WhiteTeam "SK LJUBLJANA TAJFUN"]
[BlackTeam "SD MENGES - TRZIN"]

1. e4 e5 2. Nf3 d6 3. Nc3 Nf6 4. Bc4 h6 5. O-O Be7 6. d4 Bg4 7. dxe5 Bxf3 8.
Qxf3 dxe5 9. Qg3 Kf8 10. Qxe5 c6 11. a4 g6 12. Rd1 Qe8 13. Be3 Nbd7 14. Qc7 Nc5
15. Qe5 Ncd7 16. Qf4 Kg7 17. e5 Nd5 18. Bxd5 cxd5 19. Nxd5 Bg5 20. Qb4 Bxe3 21.
Nxe3 Nxe5 22. Qxb7 Qe6 23. Qd5 Qf6 24. b3 Rhd8 25. Qe4 Nc6 26. h3 Re8 27. Qc4
Rac8 28. Qa6 Rb8 29. Rab1 Rb6 30. Qc4 Ne5 31. Qd4 Kh7 32. Nd5 Qg5 33. Kh1 Rd6
34. f4 Rxd5 35. Qxd5 Qxf4 36. Rf1 Qg3 37. Rxf7+ Kh8 38. Re7 Ng4 39. Qd4+ Ne5
40. Rf1 Kg8 41. Qd5+ Kh8 42. Qb7 1-0

[Event "76. LJUBLJANSKA SAHOVSKA LIGA 2024"]
[Site "gostovanja"]
[Date "2024.04.18"]
[Round "9.3"]
[White "Keber, Aljosa"]
[Black "Justin, Matjaz"]
[Result "1/2-1/2"]
[WhiteElo "2061"]
[BlackElo "2209"]
[PlyCount "53"]
[EventDate "2024.01.18"]
[WhiteTeam "SK KOMENDA POPOTNIK"]
[BlackTeam "SD VRHNIKA"]

1. c4 Nf6 2. g3 c5 3. Bg2 e6 4. Nf3 d5 5. cxd5 exd5 6. d4 Nc6 7. O-O Be7 8.
dxc5 Bxc5 9. Bg5 O-O 10. Qc1 Be7 11. Nc3 Be6 12. Rd1 Qb6 13. Be3 Qa6 14. Ng5
Rad8 15. Nxe6 fxe6 16. Bg5 Ne5 17. Qc2 Neg4 18. Bf3 Ne5 19. Bg2 b6 20. Bxf6
Bxf6 21. Rac1 Rc8 22. Qa4 Qxa4 23. Nxa4 Nc4 24. b3 Nb2 25. Nxb2 Bxb2 26. Rxc8
Rxc8 27. Bh3 1/2-1/2

[Event "76. LJUBLJANSKA SAHOVSKA LIGA 2024"]
[Site "gostovanja"]
[Date "2024.04.18"]
[Round "9.3"]
[White "Siraj, Svit"]
[Black "Zidar, Jernej"]
[Result "0-1"]
[WhiteElo "2182"]
[BlackElo "2000"]
[PlyCount "132"]
[EventDate "2024.01.18"]
[WhiteTeam "SD VRHNIKA"]
[BlackTeam "SK KOMENDA POPOTNIK"]

1. e4 c5 2. Nf3 d6 3. Bb5+ Nd7 4. O-O a6 5. Bd3 Ngf6 6. c3 e6 7. Re1 b5 8. a4
c4 9. Bc2 Bb7 10. axb5 axb5 11. Rxa8 Qxa8 12. Na3 Be7 13. d3 cxd3 14. Qxd3 Nc5
15. Qxb5+ Bc6 16. Qe2 O-O 17. Bg5 Rb8 18. Nd4 Rxb2 19. Nxc6 Qxc6 20. e5 dxe5
21. Bxf6 Bxf6 22. Bxh7+ Kxh7 23. Qxb2 Nd3 24. Qc2 e4 25. Re3 Bg5 26. Rxd3 exd3
27. Qxd3+ g6 28. Nc2 Bf6 29. c4 Qc5 30. g3 Bg7 31. Qe4 Qb6 32. Ne1 Bd4 33. Nd3
f5 34. Qe2 g5 35. h4 Qc7 36. Qxe6 Qxg3+ 37. Kh1 Qxd3 38. Qe7+ Kh8 39. Qe8+ Kh7
40. Qh5+ Kg8 41. Qe8+ Kh7 42. Qh5+ Kg7 43. Qxg5+ Kf7 44. Qh5+ Ke7 45. Kg2 Qe4+
46. Kf1 Qb1+ 47. Kg2 Qe4+ 48. Kf1 Bf6 49. Qh7+ Kd6 50. Qg6 Qxc4+ 51. Kg2 Qe4+
52. Kf1 Qe6 53. h5 f4 54. Qd3+ Qd5 55. Qa6+ Ke5 56. Qe2+ Kf5 57. Qc2+ Kg4 58.
Qe2+ f3 59. Qc2 Kxh5 60. Qh7+ Kg4 61. Qg6+ Bg5 62. Qc2 Qe5 63. Qc4+ Kh3 64.
Qc8+ Kh4 65. Qc4+ Qf4 66. Qc2 Qc1+ 0-1

[Event "76. LJUBLJANSKA SAHOVSKA LIGA 2024"]
[Site "gostovanja"]
[Date "2024.04.18"]
[Round "9.3"]
[White "Kobold, Andrej"]
[Black "Praznik, Anton"]
[Result "1/2-1/2"]
[WhiteElo "1958"]
[BlackElo "1990"]
[PlyCount "66"]
[EventDate "2024.01.18"]
[WhiteTeam "SK KOMENDA POPOTNIK"]
[BlackTeam "SD VRHNIKA"]

1. d4 Nf6 2. Nf3 g6 3. Bg5 Bg7 4. Nbd2 h6 5. Bh4 d6 6. c3 g5 7. Bg3 Nh5 8. e3
Nd7 9. Bd3 e6 10. Ng1 Nxg3 11. hxg3 Qe7 12. Qc2 a6 13. f4 b6 14. Ngf3 Bb7 15.
O-O-O O-O-O 16. Kb1 g4 17. Nh4 c5 18. f5 Kb8 19. fxe6 Qxe6 20. Rhe1 h5 21. Nf5
Bf8 22. e4 Rc8 23. d5 Qf6 24. a4 Ne5 25. Nc4 Nxc4 26. Bxc4 Qe5 27. Qd3 Ka7 28.
Rf1 Rc7 29. Rf2 Bc8 30. Rdf1 Bg7 31. Rf4 Re8 32. Rh1 Rh8 33. Rhf1 Re8 1/2-1/2

[Event "76. LJUBLJANSKA SAHOVSKA LIGA 2024"]
[Site "gostovanja"]
[Date "2024.04.18"]
[Round "9.3"]
[White "Vodnik, Val"]
[Black "Perme, Martin"]
[Result "0-1"]
[WhiteElo "1661"]
[BlackElo "1812"]
[PlyCount "46"]
[EventDate "2024.01.18"]
[WhiteTeam "SD VRHNIKA"]
[BlackTeam "SK KOMENDA POPOTNIK"]

1. c4 Nf6 2. Nc3 g6 3. d4 c5 4. d5 Bg7 5. Nf3 O-O 6. Bf4 d6 7. h3 b5 8. cxb5 a6
9. e3 axb5 10. Bxb5 Ba6 11. Bxa6 Nxa6 12. O-O Qb6 13. Qe2 Rfb8 14. Rfb1 Nh5 15.
Nd2 Qb7 16. Bh2 Nb4 17. Nb3 Nxd5 18. Nxd5 Qxd5 19. Rd1 Qe4 20. f3 Qa4 21. e4
Rxb3 22. axb3 Bd4+ 23. Rxd4 Qxd4+ 0-1

[Event "76. LJUBLJANSKA SAHOVSKA LIGA 2024"]
[Site "gostovanja"]
[Date "2024.04.18"]
[Round "9.6"]
[White "Jese, Janez"]
[Black "Ribicic, Marko"]
[Result "1/2-1/2"]
[WhiteElo "1710"]
[BlackElo "1716"]
[PlyCount "51"]
[EventDate "2024.01.18"]
[WhiteTeam "SK MEDVODE"]
[BlackTeam "ZELENCI LPP"]

1. e4 e5 2. Bc4 Nc6 3. Nf3 Be7 4. d4 exd4 5. c3 d6 6. Qb3 Na5 7. Bxf7+ Kf8 8.
Qa4 Kxf7 9. Qxa5 c5 10. Qxd8 Bxd8 11. cxd4 cxd4 12. Nxd4 Nf6 13. f3 a6 14. Nc3
Re8 15. O-O Bb6 16. Be3 d5 17. Nc2 Bxe3+ 18. Nxe3 d4 19. Ncd5 dxe3 20. Nc7 Bd7
21. Nxa8 Rxa8 22. Rfe1 Rc8 23. Rxe3 Rc2 24. b3 Be6 25. Ree1 Nh5 26. Rec1
1/2-1/2

[Event "76. LJUBLJANSKA SAHOVSKA LIGA 2024"]
[Site "gostovanja"]
[Date "2024.04.18"]
[Round "9.6"]
[White "Novakovic, Gosto"]
[Black "Krupenko, Andrej"]
[Result "1-0"]
[WhiteElo "1706"]
[BlackElo "1297"]
[PlyCount "53"]
[EventDate "2024.01.18"]
[WhiteTeam "ZELENCI LPP"]
[BlackTeam "SK MEDVODE"]

1. e4 e6 2. d4 d5 3. Nc3 c5 4. Nf3 Nc6 5. Bb5 a6 6. Bxc6+ bxc6 7. Ne5 Qc7 8.
Bf4 Bd6 9. O-O cxd4 10. Qxd4 c5 11. Qa4+ Kf8 12. Nb5 axb5 13. Qxa8 Bxe5 14.
Bxe5 Qxe5 15. Qxc8+ Ke7 16. Qxc5+ Kf6 17. exd5 exd5 18. Qxb5 Ne7 19. Rfe1 Qd6
20. b3 Nf5 21. Rad1 Rd8 22. a4 Ne7 23. Qd3 h6 24. Re3 g5 25. Rde1 Rd7 26. Qh7
d4 27. Rf3+ 1-0

[Event "76. LJUBLJANSKA SAHOVSKA LIGA 2024"]
[Site "gostovanja"]
[Date "2024.04.18"]
[Round "9.6"]
[White "Sajovic, Marko"]
[Black "Becic, Semso"]
[Result "1-0"]
[WhiteElo "1000"]
[BlackElo "1595"]
[PlyCount "77"]
[EventDate "2024.01.18"]
[WhiteTeam "SK MEDVODE"]
[BlackTeam "ZELENCI LPP"]

1. e4 e5 2. Nf3 d6 3. Bc4 h6 4. Nc3 c6 5. d4 Bg4 6. dxe5 Be7 7. exd6 Qxd6 8.
Be3 Nd7 9. Qxd6 Bxd6 10. O-O-O Bc7 11. h3 Be6 12. Bxe6 fxe6 13. Nd4 Nf8 14. f4
Nf6 15. e5 Nd5 16. Nxd5 exd5 17. g4 O-O-O 18. Rhf1 c5 19. Nb5 d4 20. Bg1 Bb8
21. Na3 g5 22. Rde1 gxf4 23. Rxf4 Ng6 24. Rf5 Ne7 25. Rf7 Ng6 26. Nc4 b5 27.
Nd6+ Bxd6 28. exd6 Rxd6 29. Rxa7 Rhd8 30. Bh2 R6d7 31. Ra6 Nh4 32. Ree6 Rd5 33.
Rec6+ Kd7 34. Rc7+ Ke8 35. Rxh6 R8d7 36. Rxd7 Kxd7 37. Rxh4 c4 38. Rh6 b4 39.
Rd6+ 1-0

[Event "76. LJUBLJANSKA SAHOVSKA LIGA 2024"]
[Site "gostovanja"]
[Date "2024.04.18"]
[Round "9.6"]
[White "Levacic, Matic"]
[Black "Malensek, Luka"]
[Result "1-0"]
[WhiteElo "1000"]
[BlackElo "1000"]
[PlyCount "97"]
[EventDate "2024.01.18"]
[WhiteTeam "ZELENCI LPP"]
[BlackTeam "SK MEDVODE"]

1. e4 e5 2. Nf3 d6 3. Bc4 Bg4 4. h3 Bh5 5. d3 h6 6. O-O a6 7. Nc3 b5 8. Bb3 c6
9. Be3 Nf6 10. a4 b4 11. Na2 a5 12. c3 d5 13. Qe2 Nbd7 14. Bd2 Qb6 15. Rab1 Bd6
16. exd5 cxd5 17. d4 e4 18. Bxd5 Nxd5 19. Qxe4+ Kf8 20. Qxd5 Bxf3 21. Qxf3 Rb8
22. Qf5 Qb7 23. cxb4 axb4 24. Nxb4 g6 25. Qd5 Qxd5 26. Nxd5 Nb6 27. Nxb6 Rxb6
28. b4 Kg7 29. Rfc1 Re8 30. a5 Rb5 31. Rc6 Re6 32. Bc3 f6 33. Rb6 Rxb6 34. axb6
Bb8 35. Rc1 Rxb6 36. d5 Kf7 37. Ra1 Rb5 38. Ra8 Ke7 39. Bd4 f5 40. Bc5+ Kd7 41.
Ra6 Rb7 42. Rxg6 Bc7 43. Rxh6 Rb8 44. Rh7+ Kc8 45. Rh8+ Kb7 46. Rxb8+ Kxb8 47.
h4 Be5 48. h5 Kc7 49. h6 1-0

[Event "76. LJUBLJANSKA SAHOVSKA LIGA 2024"]
[Site "gostovanja"]
[Date "2024.04.18"]
[Round "9.7"]
[White "Babarovic, Fran"]
[Black "Markoja Jeraj, Sebastijan"]
[Result "0-1"]
[WhiteElo "1644"]
[BlackElo "2242"]
[PlyCount "100"]
[EventDate "2024.01.18"]
[WhiteTeam "SK KOMENDA POGI"]
[BlackTeam "SK DOL PRI LJUBLJANI"]

1. e4 c5 2. Nf3 d6 3. d4 cxd4 4. Nxd4 Nf6 5. Nc3 a6 6. f3 e5 7. Nb3 Be6 8. Be3
h5 9. Nd5 Bxd5 10. exd5 Nbd7 11. Qd2 g6 12. O-O-O a5 13. Kb1 a4 14. Nc1 Qa5 15.
Qxa5 Rxa5 16. c4 Bh6 17. Bxh6 Rxh6 18. Ne2 Nc5 19. Nc3 Ke7 20. h4 Nfd7 21. Be2
f5 22. Rhe1 Rh8 23. Bd3 Nxd3 24. Rxd3 Rc8 25. b3 axb3 26. axb3 Nc5 27. Rdd1
Nxb3 28. Kc2 Nc5 29. Rb1 Rc7 30. Rb4 Na6 31. Rb6 Rac5 32. Rxe5+ dxe5 33. d6+
Kd7 34. dxc7 Rxc4 35. Rxg6 Nxc7 36. Kb3 Rxh4 37. Rg7+ Kd6 38. g3 Rh1 39. Kc4
b5+ 40. Nxb5+ Nxb5 41. Kxb5 Rf1 42. g4 Rxf3 43. gxh5 Kd5 44. Rd7+ Ke6 45. Rc7
Rh3 46. h6 Kf6 47. h7 Kg6 48. Re7 e4 49. Re6+ Kxh7 50. Kc4 Rh6 0-1

[Event "76. LJUBLJANSKA SAHOVSKA LIGA 2024"]
[Site "gostovanja"]
[Date "2024.04.18"]
[Round "9.7"]
[White "Kampus, Andrej"]
[Black "Macek, Inti"]
[Result "1-0"]
[WhiteElo "1771"]
[BlackElo "1408"]
[PlyCount "73"]
[EventDate "2024.01.18"]
[WhiteTeam "SK DOL PRI LJUBLJANI"]
[BlackTeam "SK KOMENDA POGI"]

1. e4 e5 2. Bc4 Nf6 3. d3 Nc6 4. Nc3 Bc5 5. f4 d6 6. Nf3 Bg4 7. Na4 Bb6 8. h3
Bxf3 9. Qxf3 Ba5+ 10. Nc3 Qe7 11. f5 Nd7 12. a3 Nd4 13. Qf2 b5 14. Ba2 c6 15.
Be3 Bb6 16. Nd1 c5 17. O-O b4 18. Bd5 Rc8 19. c3 bxc3 20. bxc3 Nc6 21. Kh1 h6
22. Qg3 Qf6 23. Nf2 Kd8 24. Bd2 Kc7 25. a4 Ba5 26. Rab1 Rb8 27. Ng4 Qe7 28. Ne3
f6 29. Be6 Qf8 30. Rxb8 Ncxb8 31. Rb1 Bb6 32. Nd5+ Kd8 33. Rb5 Bc7 34. Qe1 Nb6
35. Qb1 Qe8 36. a5 N6d7 37. Rb7 1-0

[Event "76. LJUBLJANSKA SAHOVSKA LIGA 2024"]
[Site "gostovanja"]
[Date "2024.04.18"]
[Round "9.7"]
[White "Zagar, Katarina"]
[Black "Kosem, Rok"]
[Result "1/2-1/2"]
[WhiteElo "1131"]
[BlackElo "1602"]
[PlyCount "71"]
[EventDate "2024.01.18"]
[WhiteTeam "SK KOMENDA POGI"]
[BlackTeam "SK DOL PRI LJUBLJANI"]

1. d4 Nf6 2. c4 e6 3. Nf3 b6 4. g3 Bb7 5. Bg2 Bb4+ 6. Bd2 Qe7 7. a3 Bxd2+ 8.
Nbxd2 c5 9. e3 d5 10. dxc5 bxc5 11. cxd5 exd5 12. O-O O-O 13. Nb3 a5 14. Rc1
Nbd7 15. Nbd2 a4 16. Re1 Rfb8 17. Qc2 Qd8 18. e4 dxe4 19. Ng5 h6 20. Ngxe4 Nxe4
21. Bxe4 Qf6 22. Qc3 Bxe4 23. Nxe4 Qxc3 24. Rxc3 Rxb2 25. Ree3 Rab8 26. Nxc5
Nxc5 27. Rxc5 R2b3 28. Rc4 Rxe3 29. fxe3 Rb3 30. Rxa4 Rxe3 31. Ra8+ Kh7 32. a4
Re2 33. a5 f5 34. a6 g5 35. a7 Ra2 36. Rf8 1/2-1/2

[Event "76. LJUBLJANSKA SAHOVSKA LIGA 2024"]
[Site "gostovanja"]
[Date "2024.04.18"]
[Round "9.7"]
[White "Magerl, Zan"]
[Black "Perme, Stanko"]
[Result "1-0"]
[WhiteElo "1398"]
[BlackElo "1056"]
[PlyCount "33"]
[EventDate "2024.01.18"]
[WhiteTeam "SK DOL PRI LJUBLJANI"]
[BlackTeam "SK KOMENDA POGI"]

1. e4 e5 2. Nf3 Nc6 3. d4 exd4 4. Nxd4 Bc5 5. Nb3 Bb6 6. Nc3 a6 7. Qe2 d6 8.
Be3 Bxe3 9. Qxe3 Be6 10. O-O-O Qd7 11. f4 f6 12. Nc5 Qe7 13. Nxe6 Qxe6 14. Nd5
O-O-O 15. Bc4 Qd7 16. f5 Na5 17. Nb6+ 1-0

[Event "76. LJUBLJANSKA SAHOVSKA LIGA 2024"]
[Site "gostovanja"]
[Date "2024.04.18"]
[Round "9.8"]
[White "Lesjak, Damjan"]
[Black "Mihic, Adam"]
[Result "0-1"]
[WhiteElo "1792"]
[BlackElo "1240"]
[PlyCount "58"]
[EventDate "2024.01.18"]
[WhiteTeam "SK VISNJA GORA - STICNA"]
[BlackTeam "SD KOCEVJE"]

1. d4 Nf6 2. c4 g6 3. Nc3 Bg7 4. e4 d6 5. Nf3 O-O 6. Be2 e5 7. d5 Nbd7 8. O-O
Nc5 9. Bg5 a5 10. Qc1 Qe8 11. Bh6 Nfxe4 12. Bxg7 Kxg7 13. Ng5 Nxc3 14. Qxc3 f6
15. Nf3 Qf7 16. Nd2 Bd7 17. a3 a4 18. b3 axb3 19. Nxb3 Nxb3 20. Qxb3 b6 21. g4
f5 22. f4 Qe7 23. Qg3 exf4 24. Rxf4 Qxe2 25. Re1 Qc2 26. Re7+ Rf7 27. Qh4 Raf8
28. Rf2 Qd1+ 29. Rf1 Qd4+ 0-1

[Event "76. LJUBLJANSKA SAHOVSKA LIGA 2024"]
[Site "gostovanja"]
[Date "2024.04.18"]
[Round "9.8"]
[White "Mihic, Peter"]
[Black "Jancigaj, Saso Valentin"]
[Result "0-1"]
[WhiteElo "1196"]
[BlackElo "1613"]
[PlyCount "74"]
[EventDate "2024.01.18"]
[WhiteTeam "SD KOCEVJE"]
[BlackTeam "SK VISNJA GORA - STICNA"]

1. e4 b6 2. d4 e6 3. Nc3 Bb7 4. Bd3 f6 5. Nf3 Ne7 6. e5 f5 7. Bg5 Qc8 8. Nh4 g6
9. Bf6 Rg8 10. d5 Nxd5 11. Nxd5 Bxd5 12. Bxf5 Be7 13. Nxg6 Bxf6 14. Qh5 exf5
15. Nh8+ Kf8 16. O-O-O Bg5+ 17. Kb1 Qe8 18. Qxh7 Be6 19. f4 Rg7 20. Qh3 Bxf4
21. Rhf1 Bxe5 22. Qe3 Nc6 23. Qh6 Kg8 24. g4 f4 25. Rxf4 Bxf4 26. Qxf4 Kxh8 27.
g5 Qf7 28. Qg3 Rf8 29. b3 Qf3 30. Qh4+ Kg8 31. Rc1 Qf4 32. Qe1 Rxg5 33. h4 Rg2
34. Qc3 Qxh4 35. a4 Re2 36. Qd3 Nd4 37. Qa6 Nxc2 0-1

[Event "76. LJUBLJANSKA SAHOVSKA LIGA 2024"]
[Site "gostovanja"]
[Date "2024.04.18"]
[Round "9.8"]
[White "Sotirov, Slavko"]
[Black "Kosmrlj, Aleksej"]
[Result "1-0"]
[WhiteElo "1773"]
[BlackElo "1000"]
[PlyCount "113"]
[EventDate "2024.01.18"]
[WhiteTeam "SK VISNJA GORA - STICNA"]
[BlackTeam "SD KOCEVJE"]

1. e4 e5 2. Nf3 Nc6 3. Bc4 Bc5 4. Nc3 Nf6 5. d3 d6 6. Bg5 h6 7. Bh4 g5 8. Nxg5
hxg5 9. Bxg5 Rg8 10. h4 Bb4 11. a3 Bxc3+ 12. bxc3 Qe7 13. Qf3 Rg6 14. Kd2 Be6
15. Bb5 Bd7 16. Rab1 a6 17. Bc4 Na5 18. Bb3 Be6 19. c4 O-O-O 20. Qe3 Nc6 21.
Ba4 Bd7 22. f3 Nd4 23. Bxd7+ Qxd7 24. c3 Nc6 25. h5 Rgg8 26. g4 Qe6 27. Rb2
Rde8 28. Bxf6 Qxf6 29. Rhb1 b6 30. Rh1 Qg5 31. Qxg5 Rxg5 32. Ke3 Kd7 33. Rbh2
Rh8 34. d4 exd4+ 35. cxd4 Na5 36. Kd3 Nc6 37. Rh4 Rg7 38. f4 Rgh7 39. g5 Ne7
40. f5 c5 41. d5 b5 42. Kc3 Kc7 43. f6 Ng8 44. h6 Kb6 45. cxb5 axb5 46. a4 b4+
47. Kc4 Kc7 48. a5 Kb7 49. Kb5 Kc7 50. a6 b3 51. a7 Kb7 52. a8=Q+ Kxa8 53. Kc6
b2 54. Kxd6 c4 55. Kc7 c3 56. e5 c2 57. Ra4# 1-0

[Event "76. LJUBLJANSKA SAHOVSKA LIGA 2024"]
[Site "gostovanja"]
[Date "2024.04.18"]
[Round "9.8"]
[White "Premerl, Ana Kaja"]
[Black "Kocmur, Boris"]
[Result "0-1"]
[WhiteElo "1000"]
[BlackElo "1626"]
[PlyCount "28"]
[EventDate "2024.01.18"]
[WhiteTeam "SD KOCEVJE"]
[BlackTeam "SK VISNJA GORA - STICNA"]

1. e4 c5 2. Nf3 Nc6 3. Bc4 e6 4. Nc3 g6 5. d4 cxd4 6. Nxd4 Bg7 7. Nxc6 bxc6 8.
O-O Be5 9. f4 Qb6+ 10. Kh1 Bc7 11. Qf3 Qc5 12. Bb3 Ba6 13. Re1 Qe7 14. f5 h5 {
nejasno (53)} 0-1